00516nam a2200181Ia 4500008004100000020001800041082000800059100002200067245004200089250000700131260002800138300001600166500002400182650001400206942000700220952009000227999001700317230524s9999 xx 000 0 und d a9789351340201 bNOT aR.L.Norton942560 0aKinematics and Dynamics of Machinery  a11 aNew DelhibOxfordc2011 a"XIV,769p;" aQuantity Number: 1 aMechanics cBK 00104070aTATCLbTATCLcGENd2023-05-24l0o NOTp53997r2023-05-24w2023-05-24yBK c57522d57522